00616nam a2200205 a 4500001001300000003000900013005001700022008004100039020000900080082001800089100002100107245003500128260004400163300000900207500003500216505003800251505008000289650002000369700002100389nice12345678IN_TiNIC20260116011919.0050524s1977 lona grp 000 0 eng  ac4000a294.609bSIN1 aSingh, Khushwant aHistory of the Sikhs 1469-1839 aLondan bOxford University Press c1977 a419p aincludes index and biblioraphy2 aIll, Appendx, Bibliography, Index2 aIll, Appendx, Bibliography, Index00gV1.tHistory of the Sikhs 1469-1839.-- aSikhism-History1 aSingh, Khushwant